000 01836cam a22004934i 4500
003 PE-LiUPU
005 20250731172908.0
008 140616s2013 sp a grb 000 0 spa d
020 _a9788499453156
035 _a(Sirsi) i9788499453156
040 _aPE-LiUPU
_bspa
_cPE-LiUPU
_erda
049 _aPRUA
082 0 4 _a228
_bR77
100 1 _aRojas Gálvez, Ignacio,
_d1971-,
_eautor.
245 1 4 _aLos símbolos del Apocalipsis /
_cIgnacio Rojas Gálvez.
264 1 _aEstella, Navarra :
_bVerbo Divino,
_c2013.
300 _a244 páginas :
_bilustraciones ;
_c20 centímetros.
336 _atext
_2rdacontent
337 _aunmediated
_2rdamedia
338 _avolume
_2rdacarrier
490 0 _aQué se sabe de... ;
_v8
504 _aBibiografía : páginas 225 - 235.
505 0 _a¿Cómo hemos llegado hasta aquí? -- ¿Cuáles son los aspectos centrales del tema? -- Cuestiones abiertas en el debate actual -- Para profundizar.
526 _aSEG42
526 _aSEG41
526 _aSEG40
526 _aSEG39
526 _aP94
526 _aP87
526 _aP86
526 _aP85
526 _aP77
526 _aP76
526 _aP35
630 _aBiblia
_pNuevo Testamento
_pApocalipsis
_xCrítica literaria.
650 1 4 _aSimbolismo en la Biblia.
_95068
910 _agl20131210
_cbd
942 _2ddc
_cBOOK
949 _a228 R77
_wDEWEY
_c1
_i69561
_d2016-5-23
_e2016-5-23
_lCCODEBUL1
_mBUL
_n3
_p30.00
_r0
_sY
_tBOOK
_u2015-7-6
_xTEOLOGIA
_PP35
_0COMPRA
_o.STAFF. Colección Teología
994 _aC0
_bPEPRU
596 _a1
999 _a228 R77
_wDEWEY
_c15827
_i69561
_d15827
_e2017-10-31
_f2021-11-9
_g4
_lCCODEBUL1
_mBUL
_n4
_p30.00
_q10
_r0
_sY
_tBOOK
_u2015-7-6
_xTEOLOGIA
_PP35
_0COMPRA
_o.STAFF. Colección Teología
980 _81
_gALBERTO SANCHEZ Responsable de Automatización